| 000 | 00635cam a22001457a 4500 | ||
|---|---|---|---|
| 008 | 180718b1969 xxu||||| |||| 00| 0 eng d | ||
| 082 | _aY054x54 C831 8 | ||
| 245 |
_aWealth of India: a dictionary of Indian materials and industrial products _cby Publications & Information Directorate |
||
| 260 |
_aNew Delhi _bPublications & Information Directorate _c1969 |
||
| 300 | _axxx, 378p | ||
| 500 | _aContents: v.3(Ph-Re). Raw Materials, 378p, v.6(L-M). Raw Materials, 483p | ||
| 650 | _aCommercial products --India --Dictionaries. | ||
| 650 | _aRaw materials --India --Dictionaries | ||
| 700 | _aIndia. Publications & Information Directorate | ||
| 999 |
_c413699 _d413699 |
||